LEADER 01098cam0 2200277 450 001 E600200052470 005 20170731124756.0 100 $a20090803d2009 |||||ita|0103 ba 101 $aita 102 $aIT 200 1 $a<>sanzioni amministrative$eraccolta completa commentata con dottrina e giurisprudenza con formulario$fRoberto Giovagnoli$gMarco Fratini 210 $aMilano$cGiuffrè$dc2009 215 $aLXIV, 3207 p.$d25 cm$e1 cd-rom 700 1$aGiovagnoli$b, Roberto$3A600200029507$4070$0304774 702 1$aFratini, Marco$3A600200042302$4070 801 0$aIT$bUNISOB$c20170731$gRICA 850 $aUNISOB 852 $aUNISOB$j340$m146148 852 $aUNISOB$j340|CD$m146148. 912 $aE600200052470 940 $aM 102 Monografia moderna SBN 941 $aM 957 $a340$b007280$gSi$d146148$e1 volume$racquisto$1catenacci$2UNISOB$3UNISOB$420090803072150.0$520170731124728.0$6bethb 957 $a340|CD$b000214$gCON$d146148.$e1 CD$racquisto$1bethb$2UNISOB$3UNISOB$420170731124731.0$520170731124756.0$6bethb 996 $aSanzioni amministrative$91707851 997 $aUNISOB